000 00862nam0a22002771 4500
001 rc\3026391
005 20250806201533.0
035 _a(NLR Aleph) 007167787
090 _a43306
_c43306
100 _a20110929d1941 u y0rusy50 ca
101 0 _arus
102 _aRU
105 _aa z |||||
200 1 _aТехминимум водоспасателя
_fПод ред. В.Н. Викторова
210 _aМосква
_cСоюзосвод СССР
_d1941
215 _a167 с.
_cил.
_d20 см
225 1 _aНи одной жертвы воде
700 1 _aПашковский
_bН.С.
702 1 _aВикторов
_bВ.Н.
_4340
801 0 _aRU
_bNLR
_gpsbo
801 1 _aRU
_bELAR
_2rusmarc
852 _aNLR
_j69-3/3116
942 _cBOOK
945 _aРоссийская национальная библиотека
980 _aNB
980 _aBV